000 00638nam a2200205 4500
001 vtls002593160
003 MY-SjTCS
005 20200226103718.0
008 110218 00 eng
020 _a0175558574
039 9 _a201102181301
_bVLOAD
_y200407271946
_zVLOAD
082 0 4 _a658.00973
_bCOT
100 1 _aCotton, David,
_d1937-
_924001
245 1 0 _aWorld of business /
_cDavid Cotton
_h[sound recording]
260 _aEngland :
_bThomas Nelson and Sons,
_c1983
300 _asound cassettes :
_banalog
650 0 _aManagement
_zUnited States.
_98997
650 0 _aMarketing
_zUnited States.
_99042
920 _aELG : SDC214
999 _c26741